000
00324nam a22001457a 4500
008
210309b ||||| |||| 00| 0 eng d
020
_a
0070570035
041
_a
eng
080
_a
541
082
_a
541
100
_a
12
101
_a
KIM
245
_a
Experiments in Physical Chemistry
_c
Shoemaker, D.P
942
_2
udc
_c
BK
999
_c
56032
_d
56032